00455pam a2200181 a 4500001000800000005001700008008004100025010001700066020002200083040001800105041000800123080001700131082002100148100000600169101000800175245006000183504003000243384049520171221035738.0870616s1987 caua b 001 0 eng  a 87016900  a0939425017 (pbk.) aDLCcDLCdDLC aeng a617.715 HAL00a617.715 HAL219 a4 aSHM04aThe Field analyzer primer /cedited by Mary Jean Haley. aBibliography: p. 161-164.